Hometown - Twenty One Pilots (All Lyrics) - Statistics

General Stats
  • This quiz has been taken 189 times
  • The average score is 225 of 266
Answer Stats
Hometown % Correct
the
98%
I
97%
dark
94%
in
94%
We
92%
we
92%
home
91%
it
91%
me
91%
to
91%
one
90%
we're
90%
Chorus Where
90%
where
90%
from
89%
no
89%
our
89%
Our
89%
shadow
89%
Verse 1 Be
88%
be
88%
go
88%
know
87%
sun
87%
you
86%
hometown's
85%
soul
85%
there's
85%
make
84%
take
84%
and
83%
let
83%
Refrain My
83%
my
83%
quietly
83%
waiting
83%
when
83%
will
83%
at
82%
Spirits
82%
are
81%
show
76%
bones
74%
can
74%
don't
74%
fire
74%
bring
73%
it's
72%
wind
72%
away
68%
head
68%
Verse 2 Put
68%
put
68%
your
67%
tilts
64%
all
63%
undone
63%
grow
62%
how
61%
back
60%
say
56%
believe
55%
father
55%
today
53%
you'll
53%
find
50%
power
50%
was
50%
what
50%
gods
49%
once
47%
traditions
46%
served
45%
No matching quizzes found
Score Distribution
Percent of People with Each Score
Percentile by Number Answered
Your Score History
You have not taken this quiz